| 000 | 00401nam a2200169Ia 4500 | ||
|---|---|---|---|
| 008 | 230524s9999 xx 000 0 und d | ||
| 020 | _a9788120300804 | ||
| 082 | _bDEK | ||
| 100 | _aA. J. Dekker | ||
| 245 | 0 | _aElectrical Engineering Materials | |
| 250 | _a1 | ||
| 260 |
_aNew Delhi _bPHI _c2010 |
||
| 300 | _a"XI,203p;" | ||
| 500 | _aQuantity Number: 6 | ||
| 650 | _aElectrical | ||
| 942 | _cBK | ||
| 999 |
_c57515 _d57515 |
||